Responses for Show #8313 - Wednesday, January 13, 2021

Contestants

[<< previous game]

Cameron Whiteside, a real estate agent from Mesa, Arizona

Josiah Jenkins, a risk management professional originally from Rugby, North Dakota

Lucy Ricketts, an illustrator originally from Atlanta, Georgia (whose 1-day cash winnings total $33,100)

[next game >>]

Jeopardy! Round responses

NATIONAL HERITAGE AREAS
TYPES OF MOVIES
FLAG TALK
2 MIDDLE NAMES
SCIENTIFIC DISCOVERIES
PROS & CONS
(Ken: Each correct response in this category will be two words--one starting with "pro", the other very similar, but starting with "con".)
    $200 11
the American Civil War

Josiah
    $200 1
a tearjerker

Lucy
    $200 16
Scotland

Josiah
    $200 25
Tolkien

Cameron
    $200 26
caffeine

Cameron
    $200 6
protest & contest

Josiah
    $400 12
Pennsylvania

Lucy
    $400 2
Freddy & Jason

Lucy
    $400 17
a freak flag

Josiah
    $400 21
(Ken: Yes, George [*] Bush.)

Herbert Walker

Lucy
    $400 27
(Lucy: What are sun storms? [*]?)
(Ken: Yes, [*] is correct; I hadn't ruled against you.)

sunspots

Lucy
    $400 7
professor & confessor

Josiah
    $600 13
(Ken: Right, on St. Patrick's Day.)

the Chicago River

Lucy
    $600 3
(Ken: Shrek was the first winner.)

animation

Josiah
    $600 18
half-staff

Lucy
    $600 22
Lorde

Lucy
    $600 28
(Lucy: What is sodium?)
(Cameron: What is chloride? Sodium chloride?)

chlorine

LucyJosiahCameron
    $600 8
profound & confound

Josiah
    $800 14
parishes

Cameron
    $800 4
(Josiah: What are the 1930s?)

the 1940s

LucyJosiah
    $800 19
jack

Triple Stumper
    $800 23
Tony Blair

Lucy
    $800 30
nitroglycerin

Triple Stumper
    $800 9
(Ken: Yeah, those are often opposites, aren't they?)
[Laughter]

progress & congress

Josiah
    $500 15
(Cameron: Don't got it. No.)

the Mississippi Delta

Cameron
    $1000 5
cinéma vérité

Josiah
    $1000 20
the canton

Triple Stumper
    $1000 24
W.E.B. Du Bois

Lucy
    $1000 29
Fleming

Lucy
    $1000 10
(Cameron: Uh... I don't know.)

a provocation & a convocation

Cameron
Triple Stumper

Scores at the first commercial break (after clue 15):

Lucy Josiah Cameron
$2,400 $3,000 -$700

Scores at the end of the Jeopardy! Round:

Lucy Josiah Cameron
$6,600 $4,200 -$900

Double Jeopardy! Round responses

CHOREOGRAPHERS
POSSESSIVE HISTORY
COMPANY NAME ORIGINS
BOOK 'EM
LYRICAL C.V.
(Ken: We'll give you the lyrics of a song; you'll have to name the title figure.)
BEFORE & AFTER
    $400 26
swan

Lucy
    $400 15
Seward

Lucy
    $400 6
Tesla

Josiah
    $400 12
(Cameron: What is Black Beauty?)

Seabiscuit

LucyCameron
    $400 1
(Ken: "[*]", by The Kinks.)

Lola

Lucy
    $400 7
a Rocky Road trip

Cameron
    $800 27
Mandy Moore

Triple Stumper
    $800 16
shipwrecks

Triple Stumper
    $800 22
Milan

Lucy
    $800 13
Lenny Kravitz

Lucy
    $800 2
Billie Jean

Josiah
    $800 8
sixth sense of humor

Triple Stumper
    $1200 28
tap

Lucy
    $1200 17
the Bunker Hill Monument

Josiah
    $4,000 23
Jägermeister

Lucy
    $1200 14
Discworld

Cameron
    $1200 5
Leroy Brown

Cameron
    $1200 9
(Cameron: Oh, Sun... oh God.)

Order of the Phoenix Suns

JosiahCameron
    $4,000 29
Bob Fosse

Lucy
    $1600 18
King Philip

Lucy
    $1600 24
a château

Lucy
    $1600 19
(Anne) Tyler

Lucy
    $1600 3
Levon

Lucy
    $1600 10
Peter, Paul & Mary Tyler Moore

Josiah
    $2000 30
Martha Graham

Lucy
    $2000 21
Trajan

Lucy
    $2000 25
Nvidia

Cameron
    $2000 20
The Naked and the Dead

Triple Stumper
    $2000 4
(Ken: "[*]" by Pearl Jam.)

Jeremy

Triple Stumper
    $2000 11
rubber band of Brothers

Lucy

Scores at the end of the Double Jeopardy! Round:

Lucy Josiah Cameron
$31,400 $9,400 $2,300
(lock game)

[wagering suggestions for these scores]

Final Jeopardy! Round responses

WORLD GEOGRAPHY
(Ken: Yes, French Guiana, very good.)
...
(Ken: Just $8, his lucky amount.)
[Laughter]
(Ken: Nice plug.)
CameronWhat is France?
$2,103
JosiahWhat is France
$8
LucyWhat is Suriname?
$1
France

Final scores:

Lucy Josiah Cameron
$31,399 $9,408 $4,403
2-day champion: $64,499 2nd place: $2,000 3rd place: $1,000

Game dynamics:

Coryat scores:

Lucy Josiah Cameron
$26,200 $9,400 $2,800
28 R
(including 2 DDs),
1 W
15 R,
1 W
7 R,
5 W
(including 1 DD)

Combined Coryat: $38,400

[game clues] [game scores] [suggest correction]

Game tape date: 2020-11-30
The J! Archive is created by fans, for fans. Scraping, republication, monetization, and malicious use prohibited; this site may use cookies and collect identifying information. See terms. The Jeopardy! game show and all elements thereof, including but not limited to copyright and trademark thereto, are the property of Jeopardy Productions, Inc. and are protected under law. This website is not affiliated with, sponsored by, or operated by Jeopardy Productions, Inc. Join the discussion at JBoard.tv.